<?xml version="1.0" encoding="UTF-8"?><record xmlns="http://www.loc.gov/MARC21/slim" xmlns:zs="http://docs.oasis-open.org/ns/search-ws/sruResponse">
  <leader>02321cam a22003851  4500</leader>
  <controlfield tag="001">1217266</controlfield>
  <controlfield tag="005">20250606183444.4</controlfield>
  <controlfield tag="007">cr |||||||||||</controlfield>
  <controlfield tag="008">781018s1878    nyuag         000 0 eng  </controlfield>
  <datafield ind1=" " ind2=" " tag="035">
    <subfield code="a">1217266</subfield>
  </datafield>
  <datafield ind1=" " ind2=" " tag="906">
    <subfield code="a">7</subfield>
    <subfield code="b">cbc</subfield>
    <subfield code="c">orignew</subfield>
    <subfield code="d">u</subfield>
    <subfield code="e">ncip</subfield>
    <subfield code="f">19</subfield>
    <subfield code="g">y-gencatlg</subfield>
  </datafield>
  <datafield ind1=" " ind2=" " tag="955">
    <subfield code="a">NEW INPUT th16 05-18-98</subfield>
  </datafield>
  <datafield ind1=" " ind2=" " tag="010">
    <subfield code="a">   05035054 </subfield>
  </datafield>
  <datafield ind1=" " ind2=" " tag="035">
    <subfield code="9">(DLC)   05035054</subfield>
  </datafield>
  <datafield ind1=" " ind2=" " tag="035">
    <subfield code="a">(DLC) musdi.013</subfield>
  </datafield>
  <datafield ind1=" " ind2=" " tag="040">
    <subfield code="a">DLC</subfield>
    <subfield code="c">DLC</subfield>
    <subfield code="d">DLC</subfield>
  </datafield>
  <datafield ind1="0" ind2="0" tag="050">
    <subfield code="a">GV1751</subfield>
    <subfield code="b">.D54 1878</subfield>
  </datafield>
  <datafield ind1="0" ind2="0" tag="245">
    <subfield code="a">Dick's quadrille call-book, and ball-room prompter ...</subfield>
    <subfield code="b">To which is added a sensible guide to etiquette and proper deportment in the ball and assembly room, besides seventy pages of dance music for the piano.</subfield>
  </datafield>
  <datafield ind1="1" ind2="0" tag="246">
    <subfield code="a">Quadrille call-book, and ball-room prompter</subfield>
  </datafield>
  <datafield ind1=" " ind2=" " tag="260">
    <subfield code="a">New York,</subfield>
    <subfield code="b">Dick &amp; Fitzgerald</subfield>
    <subfield code="c">[c1878]</subfield>
  </datafield>
  <datafield ind1=" " ind2=" " tag="300">
    <subfield code="a">230 p.</subfield>
    <subfield code="c">18 cm.</subfield>
  </datafield>
  <datafield ind1=" " ind2=" " tag="500">
    <subfield code="a">Music: p. 161-230.</subfield>
  </datafield>
  <datafield ind1=" " ind2=" " tag="520">
    <subfield code="a">This is a compilation by Dick and Fitzgerald of previously published sources on ballroom dance. Although advertised as a ballroom prompter, only one page is devoted to calling figures in a quadrille. The book contains rudimentary etiquette advice and dance instructions for numerous dances including the grand march, quadrilles, and contradances such as "Virginia Reel," "Pop Goes the Weasel," "Spanish Dance," and "Sicilian Circle." Also described are various round dances such as the polka, polka redowa, modern plain waltz, Boston Dip, varsovienne, and galop. The manual concludes with 104 figures for the popular parlor game, the German (also known as the cotillon).</subfield>
  </datafield>
  <datafield ind1=" " ind2=" " tag="530">
    <subfield code="a">Available also through the Library of Congress Web site as facsimile page images.</subfield>
  </datafield>
  <datafield ind1=" " ind2="0" tag="650">
    <subfield code="a">Ballroom dancing</subfield>
    <subfield code="v">Handbooks, manuals, etc.</subfield>
  </datafield>
  <datafield ind1=" " ind2="0" tag="650">
    <subfield code="a">Dance music.</subfield>
  </datafield>
  <datafield ind1=" " ind2="4" tag="650">
    <subfield code="a">Dance Instruction and Technical Manuals.</subfield>
  </datafield>
  <datafield ind1=" " ind2="4" tag="650">
    <subfield code="a">Music for Dance.</subfield>
  </datafield>
  <datafield ind1="4" ind2="1" tag="856">
    <subfield code="d">musdi</subfield>
    <subfield code="f">013</subfield>
    <subfield code="u">http://hdl.loc.gov/loc.music/musdi.013</subfield>
    <subfield code="q">h</subfield>
  </datafield>
  <datafield ind1="4" ind2="2" tag="859">
    <subfield code="3">Video clip for p. 137</subfield>
    <subfield code="u">http://hdl.loc.gov/loc.music/musdivid.005</subfield>
    <subfield code="z">Blind Man's Buff, from the German</subfield>
  </datafield>
  <datafield ind1="4" ind2="2" tag="859">
    <subfield code="3">Video clip for p. 137</subfield>
    <subfield code="u">http://hdl.loc.gov/loc.music/musdivid.016</subfield>
    <subfield code="z">Blind Man's Buff, from the German</subfield>
  </datafield>
  <datafield ind1="4" ind2="2" tag="859">
    <subfield code="3">Video clip for p. 25</subfield>
    <subfield code="u">http://hdl.loc.gov/loc.music/musdivid.001</subfield>
    <subfield code="z">Grand March</subfield>
  </datafield>
  <datafield ind1=" " ind2=" " tag="985">
    <subfield code="a">pmpull</subfield>
    <subfield code="e">ammem</subfield>
  </datafield>
  <datafield ind1=" " ind2=" " tag="985">
    <subfield code="a">smcd/musdi</subfield>
    <subfield code="e">ammem</subfield>
  </datafield>
  <datafield ind1=" " ind2=" " tag="991">
    <subfield code="b">c-GenColl</subfield>
    <subfield code="h">GV1751</subfield>
    <subfield code="i">.D54 1878</subfield>
    <subfield code="t">Copy 1</subfield>
    <subfield code="w">BOOKS</subfield>
  </datafield>
</record>
